| Поле | Название | Значение |
| |
Тип записи |
a |
| |
Библиографический уровень |
m |
| 001 |
Контрольный номер |
RU/IS/BASE/361903348 |
| 005 |
Дата корректировки |
20210323180949.9 |
| 010 |
Индекс ISBN |
__ |
| a |
ISBN |
978-5-91419-457-1 |
| d |
Цена |
144-87 |
| 100 |
Данные общей обработки |
__ |
| a |
Данные общей обработки |
19101228d2011 |||y0rusy0189 ca |
| 101 |
Язык документа |
__ |
| a |
Язык текста |
rus |
| c |
Язык оригинала |
nor |
| c |
Язык оригинала |
eng |
| 102 |
Страна публикации |
__ |
| a |
Страна публикации |
RU |
| 105 |
Кодированные данные (монография) |
__ |
| a |
Кодированные данные (монография) |
y###z###000zy |
| 200 |
Заглавие и сведения об ответственности |
1_ |
| a |
Заглавие |
Причиняя боль |
| e |
Сведения, относящиеся к заглавию |
роль наказания в уголовной политике |
| f |
Первые сведения об ответственности |
Нильс Кристи ; под общ. ред. Я. Гилинского ; [пер. с англ. В.М. Когана] |
| b |
Общее обозначение материала |
Текст |
| 210 |
Выходные данные |
__ |
| a |
Место издания |
СПб. |
| c |
Издательство |
Алетейя |
| d |
Дата издания |
2011 |
| 215 |
Физическое описание |
__ |
| a |
Объем |
162 с. |
| d |
Формат |
21 |
| 225 |
Серия |
__ |
| a |
Серия |
Либерализация права: от репрессий к милосердию |
| 320 |
Библиография |
__ |
| a |
Библиография |
Библиогр.: с. 163-167 |
| 330 |
Аннотация |
__ |
| a |
Аннотация |
Книга дает широкий обзор всевозможных допущений, которые движут уголовной политикой. Она открывает, что основной западной концепции правосудия является причинение боли. Под справедливостью понимается умышленное причинение боли тому, кто причинил ее нам. Автор исследует условия, необходимые для того, чтобы уменьшить нашу зависимость от боли. |
| 517 |
Другие варианты заглавия |
__ |
| a |
Другие варианты заглавия |
Limits to pain / Nils Christie |
| 606 |
Тематические рубрики |
__ |
| a |
Основная рубрика |
Право |
| 606 |
Тематические рубрики |
__ |
| a |
Основная рубрика |
Учение о наказании |
| 610 |
Ключевые слова |
__ |
| a |
Ключевые слова |
наказания; теория наказания; уголовное наказание; правосудие; история наказаний; история уголовного права |
| 686 |
Индексы других классификаций |
__ |
| a |
Классификационный индекс |
67.408.02 |
| 700 |
Автор |
_1 |
| a |
Фамилия |
Кристи |
| b |
Имя |
Н. |
| g |
Полное личное имя |
Нильс |
| 4 |
Код отношения |
070 |
| 702 |
Вторичная интеллектуальная ответственность |
_1 |
| a |
Фамилия |
Гилинский |
| b |
Имя |
Я. |
| 4 |
Код отношения |
Редактор |
| 702 |
Вторичная интеллектуальная ответственность |
_1 |
| a |
Фамилия |
Коган |
| b |
Имя |
В. М. |
| 4 |
Код отношения |
Переводчик |
| 801 |
Источник записи |
_0 |
| a |
Страна |
RU |
| b |
Организация |
Муниципальное бюджетное учреждение культуры "Централизованная библиотечная система" г. Сургут (Центральная городская библиотека им. А. С. Пушкина) |
| c |
Дата составления |
20101228 |
| g |
Правила каталогизации |
КИК/Елгина |
| 801 |
Источник записи |
_1 |
| a |
Страна |
RU |
| b |
Организация |
Муниципальное бюджетное учреждение культуры "Централизованная библиотечная система" г. Сургут (Центральная городская библиотека им. А. С. Пушкина) |
| c |
Дата составления |
20101228 |
| g |
Правила каталогизации |
КИК/Елгина |
| 852 |
Данные о местонахождении |
__ |
| j |
Шифр хранения |
67.408.02 |
| i |
Авторский знак |
К 82 |
| 901 |
Тип документа |
__ |
| t |
Тип документа |
m |
| 903 |
Характеристики (МАРС) |
__ |
| a |
Дата передачи |
20110620 |
| 990 |
Данные о заказе (DOS) |
__ |
| j |
Количество экземпляров (DOS) |
1 |
| t |
N записи в КСУ для И/У (DOS) |
201107 |